Visualizzazione normale
Vista MARC
- Cristóbal Magallanes Jara,
di Personal Name
Records bibliografici associati: 2
001 - CONTROL NUMBER
- control field: 15283
003 - CONTROL NUMBER IDENTIFIER
- control field: IT-RoINE
005 - DATE AND TIME OF LATEST TRANSACTION
- control field: 20150127143408.0
008 - FIXED-LENGTH DATA ELEMENTS
- fixed length control field: 141204|| aca||aabn | a|a d
040 ## - CATALOGING SOURCE
- Original cataloging agency: IT-RoINE
- Transcribing agency: IT-RoINE
100 0# - HEADING--PERSONAL NAME
- Personal name: Cristóbal Magallanes Jara,
- Titles and other words associated with a name: Santo,
- Dates associated with a name: 1869-1927
400 0# - SEE FROM TRACING--PERSONAL NAME
- Personal name: Christophorus Magallánes,
- Titles and other words associated with a name: Santo,
- Dates associated with a name: 1869-1927
400 0# - SEE FROM TRACING--PERSONAL NAME
- Personal name: Cristoforo Magallánes,
- Titles and other words associated with a name: Santo,
- Dates associated with a name: 1869-1927
670 ## - SOURCE DATA FOUND
- Source citation: Work cat.: (IT-RoINE): Canonizationis servorum Dei Christophori Magallanes :, 1991.